[Event "DEM U18 2017"]
[Site "Willingen GER"]
[Date "2017.06.10"]
[Round "9"]
[White "Pallas, Sebastian"]
[Black "Karsay, Pascal"]
[Result "1-0"]
[Termination "normal"]
[Board "8"]
[WhiteElo "2185"]
[BlackElo "2141"]
[WhiteClock "00:24:29"]
[BlackClock "00:46:51"]
[PlyCount "89"]
[WhiteFideId "12905453"]
[BlackFideId "12953474"]
[EventCountry "GER"]
[EventRounds "9"]
[EventType "swiss"]
[EventDate "2017.06.03"]

1. e4 {[%clk 1:30:56]} 1... c5 {[%clk 1:30:58]} 2. Nf3 {[%clk 1:31:07]} 2... d6
{[%clk 1:31:18]} 3. d4 {[%clk 1:31:30]} 3... cxd4 {[%clk 1:31:45]} 4. Nxd4 {
[%clk 1:31:41]} 4... Nf6 {[%clk 1:32:12]} 5. Nc3 {[%clk 1:31:39]} 5... a6 {
[%clk 1:32:37]} 6. Bg5 {[%clk 1:31:34]} 6... e6 {[%clk 1:33:01]} 7. f4 { [%clk
1:30:52]} 7... h6 {[%clk 1:33:21]} 8. Bh4 {[%clk 1:30:00]} 8... Qb6 { [%clk
1:33:40]} 9. Qd2 {[%clk 1:24:08]} 9... Qxb2 {[%clk 1:33:49]} 10. Rb1 { [%clk
1:24:35]} 10... Qa3 {[%clk 1:34:11]} 11. Bxf6 {[%clk 1:24:54]} 11... gxf6
{[%clk 1:34:35]} 12. Be2 {[%clk 1:25:05]} 12... h5 {[%clk 1:34:12]} 13. O-O {
[%clk 1:24:59]} 13... Nd7 {[%clk 1:31:51]} 14. Kh1 {[%clk 1:20:49]} 14... Be7 {
[%clk 1:29:51]} 15. Rf3 {[%clk 1:00:00]} 15... Qa5 {[%clk 1:28:22]} 16. Rh3 {
[%clk 0:56:26]} 16... h4 {[%clk 1:27:35]} 17. g3 {[%clk 0:55:51]} 17... b5 {
[%clk 1:15:37]} 18. Nc6 {[%clk 0:45:10]} 18... Qc7 {[%clk 1:15:50]} 19. Nxe7 {
[%clk 0:45:30]} 19... Kxe7 {[%clk 1:16:16]} 20. gxh4 {[%clk 0:44:40]} 20... Bb7
{[%clk 1:13:02]} 21. Bf3 {[%clk 0:35:21]} 21... Rac8 {[%clk 1:02:38]} 22. Bg2 {
[%clk 0:35:29]} 22... Rh5 {[%clk 1:00:46]} 23. f5 {[%clk 0:29:23]} 23... Ne5 {
[%clk 0:57:39]} 24. a4 {[%clk 0:24:34]} 24... bxa4 {[%clk 0:49:22]} 25. Nxa4 {
[%clk 0:24:02]} 25... Bc6 {[%clk 0:41:07]} 26. Nc3 {[%clk 0:22:43]} 26... Rg8 {
[%clk 0:37:41]} 27. Rf1 {[%clk 0:17:30]} 27... Qa7 {[%clk 0:33:11]} 28. fxe6 {
[%clk 0:15:15]} 28... fxe6 {[%clk 0:33:31]} 29. Rg3 {[%clk 0:15:04]} 29... Rgh8
{[%clk 0:26:09]} 30. Qf4 {[%clk 0:14:35]} 30... R8h6 {[%clk 0:25:56]} 31. Qxe5
{[%clk 0:14:01]} 31... dxe5 {[%clk 0:24:33]} 32. Rg7+ {[%clk 0:14:27]} 32...
Kd6 {[%clk 0:24:39]} 33. Rxa7 {[%clk 0:14:51]} 33... Rxh4 {[%clk 0:24:15]} 34.
Rxa6 {[%clk 0:12:46]} 34... Rxh2+ {[%clk 0:24:28]} 35. Kg1 {[%clk 0:13:13]}
35... f5 {[%clk 0:23:38]} 36. Rb1 {[%clk 0:07:31]} 36... Kc5 {[%clk 0:23:07]}
37. Rbb6 {[%clk 0:06:56]} 37... Bxe4 {[%clk 0:19:56]} 38. Nxe4+ {[%clk 0:06:57]
} 38... fxe4 {[%clk 0:20:21]} 39. Rxe6 {[%clk 0:05:21]} 39... Rxe6 { [%clk
0:20:41]} 40. Rxe6 {[%clk 0:05:47]} 40... Rh4 {[%clk 0:21:06]} 41. Rxe5+ {[%clk
0:01:46]} 41... Kd4 {[%clk 0:21:30]} 42. Re8 {[%clk 0:00:50]} 42... Rf4 {[%clk
0:21:41]} 43. Rc8 {[%clk 0:28:15]} 43... e3 {[%clk 0:50:56]} 44. Bf1 { [%clk
0:25:08]} 44... Rf2 {[%clk 0:46:51]} 45. Bd3 {[%clk 0:24:29]} 1-0

[Event "DEM U18 2017"]
[Site "Willingen GER"]
[Date "2017.06.10"]
[Round "9"]
[White "Neukirchner, Pascal"]
[Black "Vuckovic, Zarko"]
[Result "0-1"]
[Termination "normal"]
[Board "9"]
[WhiteElo "2108"]
[BlackElo "2063"]
[WhiteClock "00:25:05"]
[BlackClock "00:38:50"]
[PlyCount "64"]
[WhiteFideId "12997927"]
[BlackFideId "12952087"]
[EventCountry "GER"]
[EventRounds "9"]
[EventType "swiss"]
[EventDate "2017.06.03"]

1. b3 {[%clk 1:30:58]} 1... e6 {[%clk 1:30:48]} 2. Bb2 {[%clk 1:30:51]} 2... d5
{[%clk 1:31:16]} 3. e3 {[%clk 1:30:02]} 3... c5 {[%clk 1:31:35]} 4. f4 { [%clk
1:28:49]} 4... Nf6 {[%clk 1:31:10]} 5. Nf3 {[%clk 1:28:23]} 5... Bd6 { [%clk
1:31:08]} 6. Bd3 {[%clk 1:18:42]} 6... Nbd7 {[%clk 1:24:00]} 7. O-O { [%clk
1:18:02]} 7... Qc7 {[%clk 1:24:06]} 8. Na3 {[%clk 1:06:50]} 8... a6 { [%clk
1:24:21]} 9. c4 {[%clk 1:07:10]} 9... b6 {[%clk 1:24:08]} 10. Rc1 { [%clk
1:02:49]} 10... Bb7 {[%clk 1:24:33]} 11. Bb1 {[%clk 1:02:59]} 11... O-O { [%clk
1:07:17]} 12. Qe1 {[%clk 1:00:27]} 12... d4 {[%clk 0:57:07]} 13. Qh4 { [%clk
0:55:27]} 13... dxe3 {[%clk 0:55:41]} 14. dxe3 {[%clk 0:54:23]} 14... Be4
{[%clk 0:56:08]} 15. Ng5 {[%clk 0:51:54]} 15... Bxb1 {[%clk 0:55:26]} 16. Nxb1
{[%clk 0:52:22]} 16... h6 {[%clk 0:55:36]} 17. Rf3 {[%clk 0:48:49]} 17... Rfe8
{[%clk 0:52:28]} 18. Rcf1 {[%clk 0:42:07]} 18... e5 {[%clk 0:46:31]} 19. Rh3 {
[%clk 0:37:42]} 19... exf4 {[%clk 0:45:45]} 20. exf4 {[%clk 0:37:43]} 20... Re2
{[%clk 0:45:00]} 21. Bc1 {[%clk 0:35:34]} 21... Rae8 {[%clk 0:44:33]} 22. Nc3 {
[%clk 0:34:56]} 22... Rc2 {[%clk 0:43:50]} 23. f5 23... Rxc1 {[%clk 0:37:07]}
24. Rxc1 {[%clk 0:33:00]} 24... Bf4 {[%clk 0:37:35]} 25. Ne6 {[%clk 0:28:57]}
25... fxe6 {[%clk 0:37:58]} 26. fxe6 {[%clk 0:28:55]} 26... Bxc1 { [%clk
0:37:41]} 27. Nd5 {[%clk 0:26:20]} 27... Nxd5 {[%clk 0:37:28]} 28. cxd5 { [%clk
0:25:34]} 28... Nf6 {[%clk 0:37:56]} 29. Rd3 {[%clk 0:25:34]} 29... Qd6 { [%clk
0:37:41]} 30. Qc4 {[%clk 0:25:01]} 30... Bb2 {[%clk 0:38:06]} 31. Qxa6 { [%clk
0:24:52]} 31... Bd4+ {[%clk 0:38:34]} 32. Kh1 {[%clk 0:25:05]} 32... Qxd5
{[%clk 0:38:50]} 0-1

[Event "DEM U18 2017"]
[Site "Willingen GER"]
[Date "2017.06.10"]
[Round "9"]
[White "Küppers, Timo"]
[Black "Reindl, Arno"]
[Result "0-1"]
[Termination "normal"]
[Board "10"]
[WhiteElo "2192"]
[BlackElo "2013"]
[WhiteClock "00:32:41"]
[BlackClock "01:01:34"]
[PlyCount "66"]
[WhiteFideId "16205820"]
[BlackFideId "12946729"]
[EventCountry "GER"]
[EventRounds "9"]
[EventType "swiss"]
[EventDate "2017.06.03"]

1. e4 {[%clk 1:30:48]} 1... c5 {[%clk 1:30:44]} 2. Nf3 {[%clk 1:31:14]} 2...
Nf6 {[%clk 1:29:53]} 3. Nc3 {[%clk 1:31:27]} 3... d6 {[%clk 1:27:39]} 4. d4 {
[%clk 1:31:51]} 4... cxd4 {[%clk 1:28:05]} 5. Nxd4 {[%clk 1:32:17]} 5... g6 {
[%clk 1:28:27]} 6. Be3 {[%clk 1:32:44]} 6... Bg7 {[%clk 1:28:50]} 7. f3 { [%clk
1:33:11]} 7... O-O {[%clk 1:29:13]} 8. Qd2 {[%clk 1:33:38]} 8... Nc6 { [%clk
1:29:35]} 9. O-O-O {[%clk 1:34:04]} 9... d5 {[%clk 1:29:58]} 10. exd5 { [%clk
1:34:30]} 10... Nxd5 {[%clk 1:30:19]} 11. Nxc6 {[%clk 1:34:56]} 11... bxc6
{[%clk 1:30:38]} 12. Bd4 {[%clk 1:35:22]} 12... Bxd4 {[%clk 1:31:00]} 13. Qxd4
{[%clk 1:35:48]} 13... Qb6 {[%clk 1:31:20]} 14. Na4 {[%clk 1:36:13]} 14... Qa5
{[%clk 1:30:49]} 15. b3 {[%clk 1:36:39]} 15... Be6 {[%clk 1:23:12]} 16. Bc4
{[%clk 1:28:55]} 16... Rfd8 {[%clk 1:22:50]} 17. Qc5 {[%clk 1:28:06]} 17... Qc7
{[%clk 1:22:38]} 18. g3 {[%clk 1:21:36]} 18... Qe5 {[%clk 1:19:23]} 19. Nb2 {
[%clk 1:05:52]} 19... Qf6 {[%clk 1:15:56]} 20. f4 {[%clk 0:39:26]} 20... Nc3 {
[%clk 1:05:39]} 21. Rxd8+ {[%clk 0:39:05]} 21... Rxd8 {[%clk 1:06:03]} 22. Qa5
{[%clk 0:38:41]} 22... Qd4 {[%clk 1:04:59]} 23. Nd3 {[%clk 0:35:34]} 23... Bxc4
{[%clk 1:02:56]} 24. bxc4 {[%clk 0:34:56]} 24... Rb8 {[%clk 1:03:18]} 25. Qe5 {
[%clk 0:34:16]} 25... Rb1+ {[%clk 1:00:32]} 26. Kd2 {[%clk 0:33:46]} 26... Qxe5
{[%clk 1:00:54]} 27. Nxe5 {[%clk 0:34:09]} 27... Ne4+ {[%clk 1:00:51]} 28. Ke3
{[%clk 0:34:17]} 28... Rxh1 {[%clk 1:01:14]} 29. Kxe4 {[%clk 0:34:43]} 29...
Rxh2 {[%clk 1:01:34]} 30. Nxc6 {[%clk 0:34:53]} 30... Rxc2 {[%clk 1:01:53]} 31.
Kd5 {[%clk 0:34:17]} 31... e6+ {[%clk 1:02:16]} 32. Kc5 {[%clk 0:32:32]} 32...
Rxa2 {[%clk 1:01:42]} 33. Ne5 {[%clk 0:32:41]} 33... Kf8 {[%clk 1:01:34]} 0-1

[Event "DEM U18 2017"]
[Site "Willingen GER"]
[Date "2017.06.10"]
[Round "9"]
[White "Schneider, Jana"]
[Black "Brunner, Wilken"]
[Result "1/2-1/2"]
[Termination "normal"]
[Board "11"]
[WhiteTitle "FM"]
[WhiteElo "2270"]
[BlackElo "2037"]
[WhiteClock "00:12:54"]
[BlackClock "00:48:30"]
[PlyCount "87"]
[WhiteFideId "12924997"]
[BlackFideId "12928771"]
[EventCountry "GER"]
[EventRounds "9"]
[EventType "swiss"]
[EventDate "2017.06.03"]

1. e4 {[%clk 1:30:57]} 1... c5 {[%clk 1:30:57]} 2. Nf3 {[%clk 1:31:18]} 2... g6
{[%clk 1:31:25]} 3. d4 {[%clk 1:30:10]} 3... cxd4 {[%clk 1:31:50]} 4. Qxd4 {
[%clk 1:27:04]} 4... Nf6 {[%clk 1:32:12]} 5. Nc3 {[%clk 1:27:19]} 5... Nc6 {
[%clk 1:32:38]} 6. Qa4 {[%clk 1:27:37]} 6... d6 {[%clk 1:33:03]} 7. e5 { [%clk
1:27:55]} 7... dxe5 {[%clk 1:33:29]} 8. Nxe5 {[%clk 1:28:17]} 8... Bd7 { [%clk
1:33:57]} 9. Nxd7 {[%clk 1:28:07]} 9... Nxd7 {[%clk 1:34:19]} 10. Bb5 { [%clk
1:26:54]} 10... Bg7 {[%clk 1:34:45]} 11. Bxc6 {[%clk 1:24:54]} 11... bxc6
{[%clk 1:35:10]} 12. Qxc6 {[%clk 1:23:01]} 12... Rc8 {[%clk 1:35:36]} 13. Qf3 {
[%clk 1:21:54]} 13... O-O {[%clk 1:35:45]} 14. O-O {[%clk 1:20:13]} 14... Bxc3
{[%clk 1:36:03]} 15. bxc3 {[%clk 1:20:30]} 15... Qa5 {[%clk 1:36:30]} 16. Bd2 {
[%clk 1:14:39]} 16... Ne5 {[%clk 1:36:52]} 17. Qe4 {[%clk 1:04:32]} 17... Nc4 {
[%clk 1:31:15]} 18. Bh6 {[%clk 1:00:51]} 18... Rfe8 {[%clk 1:27:48]} 19. Qd4 {
[%clk 0:54:51]} 19... f6 {[%clk 1:16:59]} 20. Rfe1 {[%clk 0:40:35]} 20... Nd6 {
[%clk 1:06:16]} 21. Bd2 {[%clk 0:36:20]} 21... Nc4 {[%clk 1:04:06]} 22. Bh6 {
[%clk 0:35:04]} 22... Nd6 {[%clk 1:01:42]} 23. Bd2 {[%clk 0:34:54]} 23... Nc4 {
[%clk 1:01:34]} 24. Be3 {[%clk 0:33:33]} 24... Nxe3 {[%clk 0:53:25]} 25. Rxe3 {
[%clk 0:33:44]} 25... e5 {[%clk 0:52:54]} 26. Qh4 {[%clk 0:31:09]} 26... Rxc3 {
[%clk 0:52:20]} 27. Qxf6 {[%clk 0:28:05]} 27... Rxe3 {[%clk 0:52:33]} 28. fxe3
{[%clk 0:28:28]} 28... Qc3 {[%clk 0:52:34]} 29. Rf1 {[%clk 0:28:29]} 29...
Qxe3+ {[%clk 0:52:54]} 30. Kh1 {[%clk 0:28:39]} 30... Rb8 {[%clk 0:51:50]} 31.
Qf7+ {[%clk 0:26:43]} 31... Kh8 {[%clk 0:52:13]} 32. Qf6+ {[%clk 0:27:09]}
32... Kg8 {[%clk 0:52:35]} 33. Qd6 {[%clk 0:27:36]} 33... Re8 {[%clk 0:51:26]}
34. Qd7 {[%clk 0:24:28]} 34... Rb8 {[%clk 0:51:31]} 35. Qc7 {[%clk 0:23:46]}
35... Rf8 {[%clk 0:49:09]} 36. Rb1 {[%clk 0:14:33]} 36... Qe2 {[%clk 0:47:26]}
37. h3 {[%clk 0:13:09]} 37... Rf1+ {[%clk 0:47:44]} 38. Rxf1 {[%clk 0:13:34]}
38... Qxf1+ {[%clk 0:48:10]} 39. Kh2 {[%clk 0:13:58]} 39... Qf4+ { [%clk
0:48:35]} 40. Kg1 {[%clk 0:13:31]} 40... Qc1+ {[%clk 0:47:18]} 41. Kf2 { [%clk
0:13:48]} 41... Qd2+ {[%clk 0:47:44]} 42. Kf1 {[%clk 0:12:28]} 42... Qd1+
{[%clk 0:48:04]} 43. Kf2 {[%clk 0:12:52]} 43... Qd2+ {[%clk 0:48:30]} 44. Kf1 {
[%clk 0:12:54]} 1/2-1/2

[Event "DEM U18 2017"]
[Site "Willingen GER"]
[Date "2017.06.10"]
[Round "9"]
[White "Philippi, Aidan"]
[Black "Hesse, Henrik"]
[Result "0-1"]
[Termination "normal"]
[Board "12"]
[WhiteElo "1664"]
[BlackElo "2161"]
[WhiteClock "00:08:32"]
[BlackClock "00:03:50"]
[PlyCount "70"]
[WhiteFideId "16229533"]
[BlackFideId "12952060"]
[EventCountry "GER"]
[EventRounds "9"]
[EventType "swiss"]
[EventDate "2017.06.03"]

1. e4 {[%clk 1:30:56]} 1... c5 {[%clk 1:25:37]} 2. Nf3 {[%clk 1:31:20]} 2... e6
{[%clk 1:26:02]} 3. d4 {[%clk 1:31:44]} 3... cxd4 {[%clk 1:26:28]} 4. Nxd4 {
[%clk 1:32:09]} 4... Nc6 {[%clk 1:26:54]} 5. Nc3 {[%clk 1:31:34]} 5... Qc7 {
[%clk 1:27:11]} 6. Be2 {[%clk 1:26:19]} 6... Nf6 {[%clk 1:26:54]} 7. O-O {
[%clk 1:25:56]} 7... Be7 {[%clk 1:23:02]} 8. Kh1 {[%clk 1:19:15]} 8... O-O {
[%clk 1:20:54]} 9. f4 {[%clk 1:16:33]} 9... d6 {[%clk 1:20:05]} 10. Be3 { [%clk
1:11:52]} 10... a6 {[%clk 1:10:47]} 11. Bf3 {[%clk 1:07:46]} 11... Nxd4 { [%clk
1:04:37]} 12. Bxd4 {[%clk 1:07:53]} 12... e5 {[%clk 1:04:55]} 13. Be3 { [%clk
1:07:38]} 13... exf4 {[%clk 1:00:19]} 14. Bxf4 {[%clk 1:07:53]} 14... Be6
{[%clk 1:00:15]} 15. Nd5 {[%clk 1:00:47]} 15... Bxd5 {[%clk 0:54:55]} 16. exd5
{[%clk 1:01:08]} 16... Nd7 {[%clk 0:55:14]} 17. Re1 {[%clk 1:00:50]} 17... Bf6
{[%clk 0:39:50]} 18. c3 {[%clk 0:49:17]} 18... Be5 {[%clk 0:34:24]} 19. Bxe5 {
[%clk 0:46:05]} 19... Nxe5 {[%clk 0:34:38]} 20. Be2 {[%clk 0:45:52]} 20... Qc5
{[%clk 0:29:01]} 21. Rc1 {[%clk 0:44:08]} 21... b5 {[%clk 0:27:51]} 22. a4 {
[%clk 0:30:21]} 22... Rfe8 {[%clk 0:18:08]} 23. Qd4 {[%clk 0:28:01]} 23... Rac8
{[%clk 0:10:16]} 24. Red1 {[%clk 0:23:24]} 24... Nc4 {[%clk 0:07:18]} 25. Bxc4
{[%clk 0:16:11]} 25... bxc4 {[%clk 0:07:26]} 26. Qxc5 {[%clk 0:14:59]} 26...
Rxc5 {[%clk 0:07:46]} 27. Re1 {[%clk 0:14:48]} 27... Re5 {[%clk 0:03:51]} 28.
Rxe5 {[%clk 0:14:45]} 28... dxe5 {[%clk 0:04:17]} 29. Rd1 {[%clk 0:15:05]}
29... Kf8 {[%clk 0:04:34]} 30. d6 {[%clk 0:14:08]} 30... Ke8 {[%clk 0:04:55]}
31. g4 {[%clk 0:10:23]} 31... Kd7 {[%clk 0:04:38]} 32. Kg2 {[%clk 0:09:29]}
32... Rc6 {[%clk 0:03:31]} 33. Kf3 {[%clk 0:07:48]} 33... Rxd6 {[%clk 0:03:18]}
34. Rxd6+ {[%clk 0:08:11]} 34... Kxd6 {[%clk 0:03:43]} 35. Ke4 {[%clk 0:08:32]}
35... f6 {[%clk 0:03:50]} 0-1

[Event "DEM U18 2017"]
[Site "Willingen GER"]
[Date "2017.06.10"]
[Round "9"]
[White "Ravina, David"]
[Black "Carnot, Luca"]
[Result "0-1"]
[Termination "normal"]
[Board "13"]
[WhiteElo "2236"]
[BlackElo "1946"]
[WhiteClock "00:29:15"]
[BlackClock "00:48:10"]
[PlyCount "86"]
[WhiteFideId "12921858"]
[BlackFideId "12958964"]
[EventCountry "GER"]
[EventRounds "9"]
[EventType "swiss"]
[EventDate "2017.06.03"]

1. e4 {[%clk 1:30:53]} 1... c5 {[%clk 1:30:55]} 2. Nf3 {[%clk 1:31:18]} 2...
Nc6 {[%clk 1:31:22]} 3. c3 {[%clk 1:30:08]} 3... d5 {[%clk 1:31:46]} 4. exd5 {
[%clk 1:30:27]} 4... Qxd5 {[%clk 1:32:11]} 5. d4 {[%clk 1:30:50]} 5... Bg4 {
[%clk 1:32:37]} 6. Be2 {[%clk 1:31:10]} 6... Nf6 {[%clk 1:31:02]} 7. Na3 {
[%clk 1:23:15]} 7... e6 {[%clk 1:21:01]} 8. Be3 {[%clk 1:12:15]} 8... cxd4 {
[%clk 1:14:44]} 9. Nb5 {[%clk 1:12:25]} 9... Rc8 {[%clk 1:13:12]} 10. Nbxd4 {
[%clk 1:11:43]} 10... Qa5 {[%clk 0:51:58]} 11. Nxc6 {[%clk 0:58:26]} 11... bxc6
{[%clk 0:51:03]} 12. Qb3 {[%clk 0:54:38]} 12... Be7 {[%clk 0:49:59]} 13. Qb7 {
[%clk 0:52:27]} 13... Qc7 {[%clk 0:43:33]} 14. Qxc7 {[%clk 0:46:32]} 14... Rxc7
{[%clk 0:43:57]} 15. O-O {[%clk 0:44:51]} 15... O-O {[%clk 0:40:10]} 16. c4 {
[%clk 0:43:36]} 16... Rb7 {[%clk 0:39:10]} 17. b3 {[%clk 0:40:41]} 17... a5 {
[%clk 0:39:30]} 18. h3 {[%clk 0:38:27]} 18... Bh5 {[%clk 0:37:44]} 19. g4 {
[%clk 0:31:27]} 19... Bg6 {[%clk 0:37:34]} 20. Ne5 {[%clk 0:31:50]} 20... Rc8 {
[%clk 0:37:01]} 21. Nxg6 {[%clk 0:24:05]} 21... hxg6 {[%clk 0:37:24]} 22. Bf3 {
[%clk 0:21:56]} 22... a4 {[%clk 0:36:23]} 23. Rab1 {[%clk 0:21:31]} 23... axb3
{[%clk 0:36:30]} 24. axb3 {[%clk 0:21:42]} 24... Nd7 {[%clk 0:36:27]} 25. Rfd1
{[%clk 0:19:59]} 25... Ne5 {[%clk 0:31:45]} 26. Bg2 {[%clk 0:16:12]} 26... g5 {
[%clk 0:30:50]} 27. f4 {[%clk 0:13:52]} 27... gxf4 {[%clk 0:30:56]} 28. Bxf4 {
[%clk 0:14:08]} 28... Ng6 {[%clk 0:30:27]} 29. Bh2 {[%clk 0:08:40]} 29... Ra7 {
[%clk 0:25:31]} 30. b4 {[%clk 0:07:04]} 30... Ra2 {[%clk 0:25:20]} 31. Rd7 {
[%clk 0:06:34]} 31... Bg5 {[%clk 0:25:18]} 32. Rc7 {[%clk 0:02:52]} 32... Rd8 {
[%clk 0:25:08]} 33. Bxc6 {[%clk 0:02:29]} 33... Rdd2 {[%clk 0:25:34]} 34. Bg3 {
[%clk 0:01:42]} 34... Bf4 {[%clk 0:25:24]} 35. Rc8+ {[%clk 0:01:54]} 35... Kh7
{[%clk 0:25:53]} 36. Be1 {[%clk 0:02:01]} 36... Rh2 {[%clk 0:25:31]} 37. b5 {
[%clk 0:02:04]} 37... Ne5 {[%clk 0:18:35]} 38. Be4+ {[%clk 0:01:52]} 38... g6 {
[%clk 0:18:26]} 39. b6 {[%clk 0:01:34]} 39... Be3+ {[%clk 0:17:19]} 40. Kf1 {
[%clk 0:01:46]} 40... f5 {[%clk 0:17:47]} 41. b7 {[%clk 0:01:30]} 41... fxe4 {
[%clk 0:18:05]} 42. Rh8+ {[%clk 0:30:16]} 42... Kg7 {[%clk 0:47:49]} 43. b8=Q {
[%clk 0:29:15]} 43... Rh1# {[%clk 0:48:10]} 0-1

[Event "DEM U18 2017"]
[Site "Willingen GER"]
[Date "2017.06.10"]
[Round "9"]
[White "Mätzkow, Maximilian Paul"]
[Black "Silber, Kevin"]
[Result "1-0"]
[Termination "normal"]
[Board "14"]
[WhiteElo "2131"]
[BlackElo "2048"]
[WhiteClock "00:30:58"]
[BlackClock "00:51:15"]
[PlyCount "53"]
[WhiteFideId "24679933"]
[BlackFideId "12930440"]
[EventCountry "GER"]
[EventRounds "9"]
[EventType "swiss"]
[EventDate "2017.06.03"]

1. e4 e5 2. Nf3 Nc6 3. Bb5 a6 4. Ba4 Nf6 5. d3 Bc5 6. O-O b5 7. Bb3 d6 8. c3
Ba7 9. Nbd2 O-O 10. h3 h6 11. Re1 Ne7 12. Nf1 Ng6 13. Ng3 Re8 14. a4 Bd7 15.
axb5 axb5 16. Be3 Bxe3 17. fxe3 Bc6 18. Qe2 Qd7 19. Rf1 Rxa1 20. Rxa1 Ra8 21.
Rf1 Rf8 22. Nh2 d5 23. Rxf6 gxf6 24. Qh5 Ra8 25. Qxh6 Ra1+ 26. Kf2 dxe4 27. Ng4
1-0